00522nam a2200205Ia 4500003000400000005001700004008004100021020002200062040000700084041000800091082001700099100004100116245005100157260004500208300001500253365001400268440000600282650001400288650001400302OSt20230516113126.0210423s2012 xx 000 0 und d a978-0-19-807855-5 cAL aeng a330.954 BASN aBASU (Kaushik);Maertens (Annemie) Ed aNew oxford companion to economics in India V 2 aNew DelhibOxford University Pressc2012 axv,750bHB b2250cINR v2 aEconomics aEconomics